000 00276nam a22000977a 4500
005 20250901165613.0
008 240321b |||||||| |||| 00| 0 eng d
050 _aHF5679.B37 1992
245 _aCOMPUTERISED ACCOUNTS
_cBassett, P.H.
942 _2lcc
_hHF5679.B37 1992
999 _c6557
_d6557